[Event "Thessaloniki-Chalkidiki-chT B local"]
[Site "Thessaloniki"]
[Date "2019.01.27"]
[Round "3.2"]
[White "Gountintas, Haralabos"]
[Black "Kioutsoukos, Dimitrios"]
[Result "1-0"]
[WhiteElo "1743"]
[BlackElo "1624"]
[PlyCount "145"]
[EventDate "2019.01.13"]
[EventType "team-swiss"]
[EventRounds "9"]
[EventCountry "GRE"]
[SourceTitle "EXT 2020"]
[Source "ChessBase"]
[SourceDate "2019.10.17"]
[SourceVersion "1"]
[SourceVersionDate "2019.10.17"]
[SourceQuality "1"]

1. e4 c5 2. c3 d5 3. exd5 Qxd5 4. d4 Nf6 5. Nf3 Bg4 6. Be2 e6 7. h3 Bh5 8. 0-0 cxd4 9. cxd4 Be7 10. Nc3 Qd8 11. Be3 0-0 12. Qb3 Qb6 13. Qxb6 axb6 14. g4 Bg6 15. Ne5 Nc6 16. Nxg6 hxg6 17. g5 Ne8 18. d5 exd5 19. Nxd5 Bc5 20. Nxb6 Bxb6 21. Bxb6 Nd6 22. Rfd1 Ne4 23. h4 Rfe8 24. Bf3 f5 25. Bc7 Re7 26. Bh2 Ne5 27. Bxe4 fxe4 28. Bxe5 Rxe5 29. Rd7 Rb5 30. Rd2 Ra4 31. a3 e3 32. fxe3 Rxh4 33. Rg2 Re4 34. Re1 Rb3 35. Ree2 Rexe3 36. Rxe3 Rxe3 37. Kf2 Re5 38. Kf3 Kf7 39. Kf4 Re1 40. Rc2 Re7 41. b4 Ke8 42. Rd2 Rf7+ 43. Kg4 Ke7 44. Rd5 Ke6 45. Rb5 Kd6 46. Rb6+ Kd5 47. Rxg6 Kc4 48. Re6 Kb3 49. Re3+ Ka4 50. Kh5 Kb5 51. Kg6 Rd7 52. Rf3 Kb6 53. Rf7 Rd3 54. Kxg7 Rxa3 55. g6 Rg3 56. Kh7 Rh3+ 57. Kg8 Rh4 58. g7 Rxb4 59. Kf8 Rg4 60. g8Q Rxg8+ 61. Kxg8 Kc6 62. Kg7 b5 63. Kf6 Kd5 64. Rb7 Kc4 65. Ke5 b4 66. Ke4 Kc3 67. Ke3 b3 68. Rc7+ Kb2 69. Kd2 Ka2 70. Ra7+ Kb1 71. Kc3 b2 72. Rb7 Ka1 73. Kc2 1-0

[Event "Thessaloniki-Chalkidiki-chT B local"]
[Site "Thessaloniki"]
[Date "2019.01.20"]
[Round "2.1"]
[White "Gountintas, Haralabos"]
[Black "Haritakis, Theodoros"]
[Result "0-1"]
[WhiteElo "1743"]
[BlackElo "2150"]
[PlyCount "102"]
[EventDate "2019.01.13"]
[EventType "team-swiss"]
[EventRounds "9"]
[EventCountry "GRE"]
[SourceTitle "EXT 2020"]
[Source "ChessBase"]
[SourceDate "2019.10.17"]
[SourceVersion "1"]
[SourceVersionDate "2019.10.17"]
[SourceQuality "1"]

1. e4 e6 2. d4 d5 3. exd5 exd5 4. Bd3 Bd6 5. Qf3 Qe7+ 6. Ne2 Be6 7. 0-0 Nf6 8. h3 Nc6 9. c3 h6 10. Bf4 0-0-0 11. Nd2 Ne8 12. Bxd6 Nxd6 13. Nf4 Qg5 14. Nxe6 fxe6 15. Qe2 Rhe8 16. Nf3 Qh5 17. Rfe1 Re7 18. Ne5 Qxe2 19. Rxe2 Nxe5 20. Rxe5 Kd7 21. Rae1 Rf8 22. R5e3 Rf6 23. f3 Nf7 24. Kh2 Kd6 25. Kg3 e5 26. dxe5+ Rxe5 27. f4 Rxe3+ 28. Rxe3 Nd8 29. f5 Nc6 30. Re8 Ne5 31. Bc2 g6 32. fxg6 Nxg6 33. Bxg6 Rxg6+ 34. Kf3 Rf6+ 35. Ke2 c5 36. Rd8+ Ke5 37. Rd7 Rb6 38. b3 Ra6 39. Re7+ Kf4 40. Rxb7 Rxa2+ 41. Kd3 Rxg2 42. Rf7+ Ke5 43. Re7+ Kd6 44. Re3 Rb2 45. Rg3 Rxb3 46. Rg6+ Ke5 47. Rxh6 d4 48. Rh5+ Kd6 49. Rh6+ Kd5 50. Rh5+ Kc6 51. Rh6+ Kb5 0-1

[Event "Chalkidiki op"]
[Site "Chalkidiki"]
[Date "2015.07.17"]
[Round "7"]
[White "Gountintas, Haralabos"]
[Black "Konstantinidis, Michail"]
[Result "1/2-1/2"]
[WhiteElo "1776"]
[BlackElo "1894"]
[PlyCount "31"]
[EventDate "2015.07.12"]
[EventType "swiss"]
[EventRounds "9"]
[EventCountry "GRE"]
[SourceTitle "EXT 2016"]
[Source "ChessBase"]
[SourceDate "2015.10.08"]
[SourceVersion "1"]
[SourceVersionDate "2015.10.08"]
[SourceQuality "1"]

1. e4 c5 2. Nf3 d6 3. d4 cxd4 4. Nxd4 Nf6 5. Nc3 a6 6. Be2 e5 7. Nb3 Be7 8. 0-0 Be6 9. Be3 0-0 10. Qd2 Qc7 11. Rfd1 Nbd7 12. a4 b6 13. f3 Rfd8 14. Qe1 Nc5 15. Nxc5 dxc5 16. Rxd8+ 1/2-1/2

[Event "Chalkidiki op"]
[Site "Chalkidiki"]
[Date "2015.07.13"]
[Round "3"]
[White "Gountintas, Haralabos"]
[Black "Spirliadis, Achileas"]
[Result "1/2-1/2"]
[WhiteElo "1776"]
[BlackElo "2114"]
[PlyCount "101"]
[EventDate "2015.07.12"]
[EventType "swiss"]
[EventRounds "9"]
[EventCountry "GRE"]
[SourceTitle "EXT 2016"]
[Source "ChessBase"]
[SourceDate "2015.10.08"]
[SourceVersion "1"]
[SourceVersionDate "2015.10.08"]
[SourceQuality "1"]

1. e4 e6 2. d4 d5 3. Nd2 Be7 4. Ngf3 c5 5. exd5 cxd4 6. Bb5+ Bd7 7. Bxd7+ Qxd7 8. dxe6 Qxe6+ 9. Qe2 Nc6 10. Qxe6 fxe6 11. 0-0 Bf6 12. Ne4 b6 13. Bd2 Nge7 14. Rfe1 e5 15. Nd6+ Kf8 16. a3 Rd8 17. Ne4 h6 18. h3 Kf7 19. Nh2 Rhe8 20. Ng4 h5 21. Nh2 Nd5 22. Nf3 Kg8 23. Rad1 Nce7 24. g3 Ng6 25. Kg2 h4 26. Bc1 Be7 27. Neg5 Bxg5 28. Bxg5 Rc8 29. Rd2 hxg3 30. fxg3 Nf6 31. Rde2 Kf7 32. g4 Nh7 33. Bc1 Nf6 34. Kg3 Nd7 35. h4 Ngf8 36. Ng5+ Kg8 37. Ne4 Rc6 38. Rf1 Rec8 39. c3 Ne6 40. Bd2 Nec5 41. cxd4 exd4 42. b4 d3 43. Re3 Nxe4+ 44. Rxe4 Nf6 45. Rd4 Rc2 46. g5 Rxd2 47. gxf6 Rf8 48. f7+ Kh7 49. Rf3 g6 50. Rd7 a5 51. bxa5 1/2-1/2

[Event "Thessaloniki White Tower A"]
[Site "Thessaloniki"]
[Date "2014.01.03"]
[Round "2.16"]
[White "Gountintas, Haralabos"]
[Black "Antoniadou, Paraskevi"]
[Result "1-0"]
[WhiteElo "1814"]
[BlackElo "1698"]
[PlyCount "80"]
[EventDate "2014.01.02"]
[EventType "swiss"]
[EventRounds "7"]
[EventCountry "GRE"]
[SourceTitle "EXT 2024"]
[Source "ChessBase"]
[SourceDate "2023.10.10"]
[SourceVersion "1"]
[SourceVersionDate "2023.10.10"]
[SourceQuality "1"]

1. e4 e5 2. Nf3 Nc6 3. Bb5 Bc5 4. c3 Nf6 5. 0-0 0-0 6. d4 Bb6 7. Nxe5 Nxe5 8. dxe5 Nxe4 9. Qe2 d5 10. Be3 c6 11. Bd3 Re8 12. Bf4 Nc5 13. Bc2 Ne6 14. Bg3 Qg5 15. Kh1 h5 16. f4 Qg4 17. Qd3 Nc5 18. Qh7+ Kf8 19. Bd1 Qg6 20. Qh8+ Ke7 21. Bh4+ Kd7 22. Qxh5 Qxh5 23. Bxh5 Rh8 24. Bg4+ Kc7 25. Bxc8 Rxh4 26. g3 Rh6 27. Bf5 g6 28. Bc2 Rh3 29. Kg2 Rah8 30. Rh1 Ne4 31. Bxe4 dxe4 32. Nd2 e3 33. Nc4 Bc5 34. b4 Be7 35. Nxe3 f6 36. Ng4 fxe5 37. Nxe5 R8h6 38. Rad1 Bf8 39. Rd7+ Kb6 40. Rf7 Bd6 1-0